Přehled platných právních předpisů

Na minha lista:
Detalhes bibliográficos
Formato: Livro
Idioma:tcheco
Publicado em: Praha : SEVT, 1985
Tags: Adicionar Tag
Sem tags, seja o primeiro a adicionar uma tag!

MARC

LEADER 00000nam a22000003a 4500
001 stu83089
005 20150408175323.1
008 040109s1985----cs------------------cze-d
040 |a STU  |b slo 
041 0 |a cze 
044 |a cs 
080 |a 340.13 
080 |a 340.143 
245 |a Přehled platných právních předpisů 
260 |a Praha :  |b SEVT,  |c 1985 
300 |a 932 s 
996 |c V*32370/O-13084  |l VV18  |s P  |a 0  |w stu83089_0001